Romania - Orase - Statistics

General Stats
  • This quiz has been taken 57 times
  • The average score is 4 of 10
Answer Stats
Picture Answer % Correct
Bucuresti
93%
Constanta
80%
Iasi
63%
Targu Jiu
43%
Timisoara
41%
Cluj-Napoca
37%
Sibiu
26%
Arad
17%
Targu Mures
11%
Baia Mare
4%
No matching quizzes found
Score Distribution
Percent of People with Each Score
Percentile by Number Answered
Your Score History
You have not taken this quiz